[Event "Junior Online 4NCL Division 5"]
[Site "online"]
[Date "2020.05.14"]
[Round "5.73"]
[White "Greenman, Max"]
[Black "Stanley, Isaac"]
[Result "0-1"]
[WhiteElo "561"]
[BlackElo "1165"]
[PlyCount "86"]
[EventDate "2020.05.14"]
[WhiteTeam "Rhydypenau Raiders"]
[BlackTeam "Blackburn's Rovers"]

1. e4 e6 2. d4 d5 3. Nc3 Nf6 4. Bg5 Nbd7 5. e5 Bb4 6. Qd3 Bxc3+ 7. Qxc3 Ne4 8.
Qe3 Nxg5 9. Qf4 O-O 10. Bd3 c5 11. Nf3 Nxf3+ 12. Qxf3 cxd4 13. Qh3 h6 14. O-O
f6 15. Qxe6+ Rf7 16. Qxd5 fxe5 17. Rfe1 Qf6 18. Rad1 Qxf2+ 19. Kh1 Qf6 20. Rf1
Qe7 21. Bg6 Nf6 22. Bxf7+ Qxf7 23. Qxf7+ Kxf7 24. c3 Bg4 25. Rde1 d3 26. h3 Be2
27. Ra1 Bxf1 28. Rxf1 d2 29. b4 Rd8 30. Rd1 Ne4 31. Kg1 Nxc3 32. Rf1+ Ke6 33.
g4 d1=Q 34. Rxd1 Rxd1+ 35. Kf2 Rd2+ 36. Ke3 Rxa2 37. Kd3 Nd5 38. Kc4 e4 39. Kd4
e3 40. Kd3 e2 41. Kd4 e1=Q 42. Kc5 Rc2+ 43. Kb5 Qxb4# 0-1

[Event "Junior Online 4NCL Division 5"]
[Site "online"]
[Date "2020.05.14"]
[Round "5.74"]
[White "Evans, Dylan"]
[Black "Kong, Emma"]
[Result "1-0"]
[WhiteElo "1067"]
[BlackElo "599"]
[PlyCount "133"]
[EventDate "2020.05.14"]
[WhiteTeam "Blackburn's Rovers"]
[BlackTeam "Rhydypenau Raiders"]

1. d4 e5 2. dxe5 f6 3. Nf3 d5 4. Nc3 fxe5 5. Nxe5 d4 6. Ne4 Bf5 7. Qd3 Bc5 8.
Bg5 Qxg5 9. Nxg5 Bxd3 10. cxd3 Bb4+ 11. Kd1 h6 12. Ngf7 Rh7 13. a3 Ba5 14. b4
Bb6 15. g3 Nc6 16. Nxc6 bxc6 17. Ne5 c5 18. bxc5 Bxc5 19. Rc1 Bd6 20. Nc4 Kd7
21. Bh3+ Kd8 22. Nxd6 cxd6 23. Rc6 Ke7 24. Kd2 g5 25. Rc7+ Kf8 26. Rxh7 Rb8 27.
Rd7 Rb2+ 28. Kc1 Rxe2 29. Rxd6 Rxf2 30. Rf1 Rxf1+ 31. Bxf1 Ke7 32. Ra6 Nf6 33.
Rxa7+ Ke6 34. Bg2 Ke5 35. Re7+ Kd6 36. Ra7 h5 37. h4 g4 38. Ra6+ Ke5 39. a4 Kf5
40. a5 Nd7 41. Ra7 Nc5 42. Rc7 Nxd3+ 43. Kd2 Nb4 44. Rc4 Na6 45. Rc6 Nb4 46. a6
Nxc6 47. Bxc6 Ke5 48. a7 Kd6 49. a8=Q Ke5 50. Qe8+ Kd6 51. Qd7+ Ke5 52. Qd5+
Kf6 53. Qxd4+ Ke6 54. Qd7+ Ke5 55. Qe7+ Kf5 56. Qh7+ Ke5 57. Qxh5+ Kd6 58. Qxg4
Kxc6 59. h5 Kd6 60. h6 Ke7 61. h7 Kf8 62. h8=Q+ Kf7 63. Qgg7+ Ke6 64. Qh5 Kd6
65. Qgg6+ Ke7 66. Qhh7+ Kf8 67. Qgg8# 1-0

[Event "Junior Online 4NCL Division 5"]
[Site "online"]
[Date "2020.05.14"]
[Round "5.75"]
[White "Evans, Ruben"]
[Black "Goldsmith, Henry"]
[Result "1-0"]
[WhiteElo "1727"]
[BlackElo "778"]
[PlyCount "75"]
[EventDate "2020.05.14"]
[WhiteTeam "Blackburn's Rovers"]
[BlackTeam "Rhydypenau Raiders"]

1. d4 d5 2. c4 dxc4 3. Nc3 Nf6 4. e4 Nc6 5. d5 Ne5 6. Bf4 Bg4 7. f3 e6 8. Bxe5
Bh5 9. Bxc4 Bb4 10. Qa4+ Qd7 11. Qxb4 O-O-O 12. Bxf6 gxf6 13. O-O-O f5 14. dxe6
Qe8 15. exf7 Bxf7 16. Rxd8+ Kxd8 17. Bxf7 Qxf7 18. Qxb7 Rg8 19. g3 Qc4 20. Qd5+
Qxd5 21. Nxd5 Kd7 22. Nf6+ Kd6 23. Nxg8 Ke5 24. exf5 Kd4 25. Nh3 Ke3 26. Rf1
Ke2 27. Rf2+ Ke3 28. Nf6 h6 29. Ng4+ Kd3 30. Nf4+ Kd4 31. Rd2+ Kc4 32. Ne5+ Kb4
33. a3+ Kb3 34. Rd3+ Ka2 35. Ne2 Ka1 36. Nc3 c5 37. Kc2 c4 38. Rd1# 1-0

[Event "Junior Online 4NCL Division 5"]
[Site "online"]
[Date "2020.05.14"]
[Round "5.76"]
[White "Morgan, Emyr"]
[Black "Cooper, Dylan E"]
[Result "0-1"]
[WhiteElo "757"]
[BlackElo "1277"]
[PlyCount "76"]
[EventDate "2020.05.14"]
[WhiteTeam "Rhydypenau Raiders"]
[BlackTeam "Blackburn's Rovers"]

1. e4 c5 2. Nf3 d6 3. Nc3 Nc6 4. Bc4 e6 5. d4 cxd4 6. Nxd4 Nf6 7. Bb5 Bd7 8.
Nxc6 bxc6 9. Bxc6 Bxc6 10. O-O Bxe4 11. Bg5 Bc6 12. Qd4 Be7 13. Rae1 e5 14. Qc4
Rc8 15. Qh4 h6 16. Be3 Nd5 17. Nxd5 Bxh4 18. Nb4 Bb5 19. Nd3 e4 20. Rd1 exd3
21. cxd3 O-O 22. g3 Bf6 23. Bxa7 Qa5 24. Bc5 dxc5 25. Rfe1 Bxb2 26. Re2 Qc3 27.
Re3 Rfe8 28. Rde1 Qxe1+ 29. Rxe1 Rxe1+ 30. Kg2 Bc6+ 31. Kh3 g5 32. Kg4 Kg7 33.
Kf5 Re2 34. Kg4 Rxf2 35. Kh3 Re8 36. Kg4 f5+ 37. Kh5 Bf3+ 38. g4 Rxh2# 0-1

[Event "Junior Online 4NCL Division 5"]
[Site "online"]
[Date "2020.05.14"]
[Round "5.77"]
[White "Stanley, Isaac"]
[Black "Greenman, Max"]
[Result "1-0"]
[WhiteElo "1165"]
[BlackElo "561"]
[PlyCount "45"]
[EventDate "2020.05.14"]
[WhiteTeam "Blackburn's Rovers"]
[BlackTeam "Rhydypenau Raiders"]

1. d4 Nf6 2. c4 e6 3. Nc3 Bb4 4. Bg5 O-O 5. Nf3 d5 6. a3 Bxc3+ 7. bxc3 dxc4 8.
e4 Nc6 9. e5 Nxe5 10. dxe5 Qxd1+ 11. Rxd1 Nd5 12. Bxc4 Nxc3 13. Rd8 Rxd8 14.
Bxd8 Bd7 15. Bxc7 Rc8 16. Kd2 Rxc7 17. Kxc3 Bb5 18. Nd2 Bxc4 19. Nxc4 b5 20.
Rb1 Rxc4+ 21. Kd3 Rc5 22. a4 bxa4 23. Rb8+ 1-0

[Event "Junior Online 4NCL Division 5"]
[Site "online"]
[Date "2020.05.14"]
[Round "5.78"]
[White "Kong, Emma"]
[Black "Evans, Dylan"]
[Result "1-0"]
[WhiteElo "599"]
[BlackElo "1067"]
[PlyCount "55"]
[EventDate "2020.05.14"]
[WhiteTeam "Rhydypenau Raiders"]
[BlackTeam "Blackburn's Rovers"]

1. e4 c6 2. d4 d5 3. exd5 cxd5 4. Bb5+ Nc6 5. Nf3 a6 6. Ba4 b5 7. Bb3 Nf6 8.
Nc3 b4 9. Ne5 bxc3 10. Nxc6 cxb2 11. Bxb2 Qd6 12. Ne5 Qb4+ 13. c3 Qb8 14. Ba4+
Bd7 15. Bxd7+ Nxd7 16. Ba3 Nxe5 17. dxe5 Qxe5+ 18. Kf1 Qxc3 19. Qa4+ Kd8 20.
Rc1 Qd3+ 21. Ke1 Qe4+ 22. Qxe4 dxe4 23. Rd1+ Kc8 24. Rc1+ Kd8 25. Ke2 Rb8 26.
Rhd1+ Ke8 27. Bb4 Rxb4 28. Rc8# 1-0

[Event "Junior Online 4NCL Division 5"]
[Site "online"]
[Date "2020.05.14"]
[Round "5.81"]
[White "Salussolia, Louis"]
[Black "Flinn, David"]
[Result "1-0"]
[WhiteElo "1442"]
[BlackElo "762"]
[PlyCount "99"]
[EventDate "2020.05.14"]
[WhiteTeam "May the Fork Be With You 1"]
[BlackTeam "Gonzaga College SJ D"]

1. e4 e5 2. Nf3 Nc6 3. d4 f6 4. dxe5 fxe5 5. Bb5 Nf6 6. Nc3 Bc5 7. O-O O-O 8.
Bg5 h6 9. Bh4 d6 10. Bc4+ Kh8 11. Nd5 Be6 12. b3 Nd4 13. Nxd4 Bxd4 14. Rc1 c6
15. Nxf6 gxf6 16. Bxe6 Qe7 17. Bh3 d5 18. exd5 cxd5 19. g3 e4 20. Qxd4 Qd6 21.
Bg2 Kg8 22. Bxe4 Qe5 23. Bxd5+ Kh8 24. Bxf6+ Qxf6 25. Qxf6+ Rxf6 26. Bxb7 Rb8
27. Be4 Ra6 28. a4 Re8 29. f3 Kg7 30. Rcd1 Re7 31. Rd5 Rc6 32. Rf2 Kf6 33. Rf5+
Ke6 34. Bxc6 Kxf5 35. Be4+ Kg5 36. f4+ Kf6 37. Bd3 a5 38. c4 Rb7 39. Bc2 Rc7
40. Be4 Re7 41. Bd5 Re3 42. c5 Rxb3 43. Bxb3 Ke7 44. Rd2 Ke8 45. c6 h5 46. c7
Ke7 47. c8=Q Kf6 48. Qe6+ Kg7 49. Rd7+ Kf8 50. Qf7# 1-0

[Event "Junior Online 4NCL Division 5"]
[Site "online"]
[Date "2020.05.14"]
[Round "5.82"]
[White "Conway, Tom"]
[Black "Shah, Rahul"]
[Result "1-0"]
[WhiteElo "747"]
[BlackElo "1360"]
[PlyCount "61"]
[EventDate "2020.05.14"]
[WhiteTeam "Gonzaga College SJ D"]
[BlackTeam "May the Fork Be With You 1"]

1. d4 Nf6 2. Bf4 e6 3. e3 d5 4. c3 c5 5. Bd3 Nc6 6. Nf3 b6 7. Nbd2 cxd4 8. cxd4
Bb7 9. Rc1 Rc8 10. Bb5 Bb4 11. Ne5 Qe7 12. Nxc6 Bxc6 13. Bxc6+ Nd7 14. Bxd7+
Qxd7 15. Rxc8+ Qxc8 16. Qa4+ Kd8 17. Qd1 Qc4 18. b3 Qd3 19. Qe2 Qb1+ 20. Qd1
Qxa2 21. e4 dxe4 22. O-O Qb2 23. Nc4 Qc3 24. Bd2 Qd3 25. Bxb4 Qxd1 26. Rxd1 h6
27. h3 g5 28. Re1 f5 29. Ne5 Ke8 30. Rc1 Kd8 31. Nf7+ 1-0

[Event "Junior Online 4NCL Division 5"]
[Site "online"]
[Date "2020.05.14"]
[Round "5.84"]
[White "Maher, James"]
[Black "Barbier-Ramaiah, Riya Aude"]
[Result "0-1"]
[WhiteElo "627"]
[BlackElo "1337"]
[PlyCount "136"]
[EventDate "2020.05.14"]
[WhiteTeam "Gonzaga College SJ D"]
[BlackTeam "May the Fork Be With You 1"]

1. e4 c6 2. Nf3 d5 3. d3 dxe4 4. dxe4 Qxd1+ 5. Kxd1 Bg4 6. Be2 Bxf3 7. Bxf3 Nf6
8. Nc3 Nbd7 9. Bg5 e6 10. Re1 Bb4 11. Bd2 O-O 12. a3 Bxc3 13. Bxc3 Rad8 14. Kc1
h6 15. e5 Nd5 16. Bxd5 cxd5 17. Bb4 Rfe8 18. c3 f6 19. f4 b6 20. a4 Nc5 21.
Bxc5 bxc5 22. g4 fxe5 23. Rxe5 Rc8 24. Kc2 d4 25. c4 Kf7 26. Rd1 Kf6 27. h4 Rg8
28. g5+ hxg5 29. hxg5+ Ke7 30. b3 Rcf8 31. Rf1 Kd6 32. a5 Rf5 33. Rxf5 exf5 34.
Kd3 g6 35. Re1 Rg7 36. Kc2 Re7 37. Rxe7 Kxe7 38. Kb2 Kd6 39. Ka3 Kc6 40. b4
cxb4+ 41. Kxb4 Kb7 42. Kc5 d3 43. Kb5 d2 44. a6+ Kb8 45. c5 d1=Q 46. c6 Qd8 47.
Kc5 Qb6+ 48. Kd6 Qc7+ 49. Kc5 Kc8 50. Kd5 Qa5+ 51. Kd6 Qxa6 52. Kc5 Kc7 53. Kd5
Qxc6+ 54. Ke5 Qf3 55. Kf6 Qxf4 56. Kxg6 Qg4 57. Kf6 f4 58. g6 f3 59. g7 Qxg7+
60. Kxg7 f2 61. Kg6 f1=Q 62. Kg5 a5 63. Kg4 a4 64. Kg5 a3 65. Kg4 a2 66. Kg5
a1=Q 67. Kg4 Qg7+ 68. Kh5 Qh1# 0-1

[Event "Junior Online 4NCL Division 5"]
[Site "online"]
[Date "2020.05.14"]
[Round "5.85"]
[White "Flinn, David"]
[Black "Salussolia, Louis"]
[Result "0-1"]
[WhiteElo "762"]
[BlackElo "1442"]
[PlyCount "200"]
[EventDate "2020.05.14"]
[WhiteTeam "Gonzaga College SJ D"]
[BlackTeam "May the Fork Be With You 1"]

1. e4 e6 2. Nf3 d5 3. exd5 exd5 4. d4 Nf6 5. Nc3 Be7 6. Be3 O-O 7. Bd3 Bb4 8.
a3 Ba5 9. b4 Bb6 10. O-O c6 11. Na4 Bc7 12. Ne5 h6 13. Qd2 Re8 14. f4 Ne4 15.
Bxe4 dxe4 16. Nc5 f5 17. Qe2 b6 18. Nb3 Ba6 19. c4 Bxe5 20. fxe5 Qd5 21. cxd5
Bxe2 22. Rxf5 Bc4 23. Nd2 Bxd5 24. Rc1 Nd7 25. Nc4 Rf8 26. Rxf8+ Rxf8 27. Nd6
Kh8 28. Rf1 Rxf1+ 29. Kxf1 Kh7 30. Kf2 Kg6 31. g4 h5 32. h3 h4 33. Bf4 Kh7 34.
Ke3 g6 35. Ne8 Kg8 36. Nf6+ Nxf6 37. exf6 Kf7 38. Be5 g5 39. a4 a5 40. bxa5
bxa5 41. Kd2 Ke6 42. Kc3 Kd7 43. Kd2 Kc8 44. Kc3 Kb7 45. Kb2 Kb6 46. Ka3 Ka6
47. Kb2 Kb7 48. Ka3 Kb6 49. Kb2 c5 50. dxc5+ Kxc5 51. Kc3 e3 52. Kd3 e2 53.
Kxe2 Kb4 54. Kd3 Kxa4 55. Kd4 Bf7 56. Kc5 Kb3 57. Kb5 a4 58. Kc5 a3 59. Kd4 a2
60. Kd3 Be6 61. Kd2 Bf7 62. Kc1 Kc4 63. Kb2 Kd3 64. Kc1 Ke2 65. Kc2 Kf3 66. Kd3
Kg2 67. Ke3 Kxh3 68. Kf3 Bd5+ 69. Kf2 Kxg4 70. Kg1 h3 71. Kh2 Kh4 72. Kg1 g4
73. Kh2 Bf7 74. Bd4 Be6 75. Bf2+ Kh5 76. Bd4 Kg5 77. Kg3 Bf7 78. Kh2 Kf4 79.
Bc3 Ke3 80. Kg3 Kd3 81. Be5 Kc2 82. Kxg4 h2 83. Bxh2 a1=Q 84. Kg5 Qc1+ 85. Kf5
Qh6 86. Bf4 Qg6+ 87. Ke5 Kd3 88. Bh2 Kc4 89. Bf4 Kc5 90. Be3+ Kc6 91. Bd4 Kd7
92. Bc5 Ke8 93. Be7 Bc4 94. Kd6 Qf5 95. Kc7 Qd5 96. Kb6 Bd3 97. Kc7 Qe6 98. Kb8
Qd7 99. Ka8 Be4+ 100. Kb8 Qb7# 0-1

[Event "Junior Online 4NCL Division 5"]
[Site "online"]
[Date "2020.05.14"]
[Round "5.86"]
[White "Shah, Rahul"]
[Black "Conway, Tom"]
[Result "1-0"]
[WhiteElo "1360"]
[BlackElo "747"]
[PlyCount "65"]
[EventDate "2020.05.14"]
[WhiteTeam "May the Fork Be With You 1"]
[BlackTeam "Gonzaga College SJ D"]

1. d4 Nf6 2. c4 g6 3. Nc3 Bg7 4. Nf3 O-O 5. e3 d6 6. Bd3 Re8 7. O-O e5 8. dxe5
dxe5 9. Ng5 Nc6 10. Nge4 Nxe4 11. Nxe4 Bf5 12. Qb3 Na5 13. Qc3 b6 14. Rd1 Qe7
15. Ng3 Bxd3 16. Qxd3 Rad8 17. Qe2 Rxd1+ 18. Qxd1 Nxc4 19. Qa4 Nd6 20. Qxa7 Rd8
21. Ne2 Nb5 22. Qa4 Qd7 23. f3 Qd1+ 24. Qxd1 Rxd1+ 25. Kf2 e4 26. fxe4 Bxb2 27.
Bxb2 Rd2 28. Be5 c6 29. a4 Na7 30. a5 bxa5 31. Rxa5 Nb5 32. Ra8+ Rd8 33. Rxd8#
1-0

[Event "Junior Online 4NCL Division 5"]
[Site "online"]
[Date "2020.05.14"]
[Round "5.88"]
[White "Barbier-Ramaiah, Riya Aude"]
[Black "Maher, James"]
[Result "1-0"]
[WhiteElo "1337"]
[BlackElo "627"]
[PlyCount "63"]
[EventDate "2020.05.14"]
[WhiteTeam "May the Fork Be With You 1"]
[BlackTeam "Gonzaga College SJ D"]

1. e4 e5 2. Nf3 Nc6 3. d4 f6 4. dxe5 fxe5 5. Bc4 Nf6 6. Nc3 Bb4 7. Bg5 Bxc3+ 8.
bxc3 d6 9. O-O h6 10. Bxf6 gxf6 11. Qd5 Qd7 12. Nh4 Ne7 13. Qf7+ Kd8 14. Qxf6
Rg8 15. Bxg8 Qe8 16. Bf7 Qf8 17. Ng6 Qxf7 18. Qxf7 Nxg6 19. Qxg6 Bd7 20. Rab1
b6 21. Rfe1 c6 22. Re3 Kc7 23. Rf3 Be8 24. Qxh6 c5 25. Rf8 Kd7 26. Qh8 a5 27.
Re1 Rd8 28. Re3 b5 29. Rg3 Rb8 30. Rg7+ Kc6 31. Rxe8 Rb6 32. Rc8# 1-0

[Event "Junior Online 4NCL Division 5"]
[Site "online"]
[Date "2020.05.14"]
[Round "5.91"]
[White "Bhasin, Aadit"]
[Black "Pitts, Daniel"]
[Result "0-1"]
[WhiteElo "1255"]
[BlackElo "1240"]
[PlyCount "36"]
[EventDate "2020.05.14"]
[WhiteTeam "Dulwich College Junior B"]
[BlackTeam "Robin Hoods 4"]

1. e4 e5 2. Nf3 Nc6 3. Bc4 Bc5 4. c3 d6 5. d4 exd4 6. Nxd4 Nf6 7. Nxc6 bxc6 8.
Bg5 Qe7 9. Nd2 Bxf2+ 10. Kxf2 Ng4+ 11. Kg1 Qxg5 12. Qf3 Ne3 13. Qxf7+ Kd8 14.
g3 d5 15. exd5 cxd5 16. Bb5 Rb8 17. Bc6 Rxb2 18. Qf3 Rxd2 0-1

[Event "Junior Online 4NCL Division 5"]
[Site "online"]
[Date "2020.05.14"]
[Round "5.92"]
[White "Asensio, Tomas"]
[Black "Sharma, Ayush"]
[Result "1-0"]
[WhiteElo "1232"]
[BlackElo "1180"]
[PlyCount "87"]
[EventDate "2020.05.14"]
[WhiteTeam "Robin Hoods 4"]
[BlackTeam "Dulwich College Junior B"]

1. d4 d5 2. Bf4 Nc6 3. Nc3 Nf6 4. Nb5 e5 5. dxe5 Nd7 6. e6 Bd6 7. Bg3 Bxg3 8.
hxg3 Nf6 9. exf7+ Kf8 10. Nf3 Bf5 11. e3 Nb4 12. Nbd4 Be4 13. Ng5 Bg6 14. Nge6+
Kxf7 15. Nxd8+ Raxd8 16. f4 Ne4 17. Qe2 Nxg3 18. Qb5 Nxc2+ 19. Nxc2 Bxc2 20.
Rh4 Rhe8 21. Rxh7 Rxe3+ 22. Kd2 Rde8 23. Qxd5+ Kg6 24. Rh3 Nxf1+ 25. Rxf1 Re2+
26. Kc3 Be4 27. Qg5+ Kf7 28. Qh5+ Bg6 29. Qd5+ Kf8 30. Rh8+ Ke7 31. Qg5+ Kf7
32. Rxe8 Rxe8 33. f5 Bh7 34. Qh5+ Kf8 35. Qxh7 Re3+ 36. Kd4 Rg3 37. Re1 Rxg2
38. Qh8+ Kf7 39. Qe8+ Kf6 40. Re6+ Kxf5 41. Qf7+ Kg4 42. Rg6+ Kh3 43. Qf3+ Rg3
44. Qxg3# 1-0

[Event "Junior Online 4NCL Division 5"]
[Site "online"]
[Date "2020.05.14"]
[Round "5.93"]
[White "Ovchinnikov, Ivan"]
[Black "Javed, Zain"]
[Result "1-0"]
[WhiteElo "1150"]
[BlackElo "1232"]
[PlyCount "99"]
[EventDate "2020.05.14"]
[WhiteTeam "Dulwich College Junior B"]
[BlackTeam "Robin Hoods 4"]

1. e4 e5 2. Nf3 Nc6 3. Bc4 Nf6 4. Nc3 Bc5 5. d3 d6 6. Bg5 Bg4 7. Nd5 Nxd5 8.
Bxd8 Rxd8 9. Bxd5 Nb4 10. c3 Nxd5 11. exd5 O-O 12. h3 Bf5 13. b4 Bb6 14. O-O
Rd7 15. Nh4 Be6 16. dxe6 Re7 17. Nf5 Rxe6 18. Qg4 Rg6 19. Ne7+ Kh8 20. Nxg6+
fxg6 21. Rfe1 a6 22. Re4 a5 23. Qg5 axb4 24. cxb4 c5 25. b5 c4 26. dxc4 Ba7 27.
Rd1 h6 28. Qxg6 Bb6 29. Rxd6 Bc7 30. Rd7 Bd8 31. Rxe5 Ba5 32. Re8 Rg8 33. Rxg8+
Kxg8 34. Rd8+ Bxd8 35. Qe8+ Kh7 36. Qe4+ Kg8 37. Qd5+ Kh7 38. Qxd8 Kg6 39. b6
Kh5 40. c5 Kg6 41. Qc8 Kh7 42. c6 Kg6 43. cxb7 Kh5 44. b8=R Kg6 45. Rb7 Kh5 46.
Qc7 g5 47. Qf7+ Kh4 48. Qg6 h5 49. Rh7 g4 50. Qxh5# 1-0

[Event "Junior Online 4NCL Division 5"]
[Site "online"]
[Date "2020.05.14"]
[Round "5.94"]
[White "Griffiths, Dylan"]
[Black "Chesney, Oliver"]
[Result "1-0"]
[WhiteElo "1195"]
[BlackElo "1007"]
[PlyCount "103"]
[EventDate "2020.05.14"]
[WhiteTeam "Robin Hoods 4"]
[BlackTeam "Dulwich College Junior B"]

1. e4 e5 2. Nf3 Nc6 3. Bc4 Nf6 4. Nc3 d6 5. d3 g6 6. Be3 Bg7 7. d4 exd4 8. Nxd4
Nxd4 9. Qxd4 O-O 10. O-O Qe8 11. Rfe1 Be6 12. Bxe6 Qxe6 13. Rad1 a5 14. Bf4
Rad8 15. a3 b6 16. Rd2 Rd7 17. Nb5 Rc8 18. Na7 Rcd8 19. Nc6 Rc8 20. Bg5 Re8 21.
f3 d5 22. e5 Qxc6 23. Bxf6 Bxf6 24. Rde2 Rde7 25. f4 Bh4 26. g3 Qc5 27. Qxc5
bxc5 28. gxh4 c4 29. b4 axb4 30. axb4 d4 31. b5 d3 32. cxd3 cxd3 33. Rd2 Rd7
34. Kf2 h5 35. Kf3 Rd5 36. Rb2 d2 37. Rd1 Red8 38. b6 cxb6 39. Rxb6 Rd3+ 40.
Ke2 R3d6 41. exd6 Re8+ 42. Kxd2 Re6 43. d7 Rxb6 44. d8=Q+ Kg7 45. Qxb6 Kh6 46.
Re1 Kg7 47. Re7 Kf8 48. Qd8+ Kg7 49. Qd4+ Kf8 50. Re1 Kg8 51. Re8+ Kh7 52. Qh8#
1-0

[Event "Junior Online 4NCL Division 5"]
[Site "online"]
[Date "2020.05.14"]
[Round "5.95"]
[White "Pitts, Daniel"]
[Black "Bhasin, Aadit"]
[Result "1-0"]
[WhiteElo "1240"]
[BlackElo "1255"]
[PlyCount "70"]
[EventDate "2020.05.14"]
[WhiteTeam "Robin Hoods 4"]
[BlackTeam "Dulwich College Junior B"]

1. e4 c5 2. Bc4 e6 3. Nc3 d6 4. Nf3 Nf6 5. O-O d5 6. exd5 exd5 7. Re1+ Be7 8.
Bb5+ Nc6 9. Ne5 Bd7 10. Bxc6 bxc6 11. d3 O-O 12. Qf3 Bd6 13. Qg3 Nh5 14. Qf3
Nf6 15. Bg5 Be7 16. Bxf6 Bxf6 17. Ng4 Bxg4 18. Qxg4 Bxc3 19. bxc3 d4 20. cxd4
cxd4 21. Re5 Re8 22. Rg5 g6 23. h3 f5 24. Qxf5 Kg7 25. Rg4 Qc8 26. Qxc8 Raxc8
27. Rxd4 c5 28. Rc4 Red8 29. g4 h5 30. gxh5 gxh5 31. Kh2 Re8 32. Rg1+ Kh6 33.
h4 Re2 34. Rg2 Rf8 35. Kg3 a6 1-0

[Event "Junior Online 4NCL Division 5"]
[Site "online"]
[Date "2020.05.14"]
[Round "5.96"]
[White "Sharma, Ayush"]
[Black "Asensio, Tomas"]
[Result "0-1"]
[WhiteElo "1180"]
[BlackElo "1232"]
[PlyCount "52"]
[EventDate "2020.05.14"]
[WhiteTeam "Dulwich College Junior B"]
[BlackTeam "Robin Hoods 4"]

1. e4 d6 2. Nf3 Nf6 3. Nc3 Nbd7 4. Bc4 e5 5. Ng5 Qe7 6. Nxf7 Rg8 7. Ng5 Rh8 8.
Bf7+ Kd8 9. Bb3 Ke8 10. Ne6 c6 11. Nc7+ Kd8 12. Nxa8 Qe8 13. d3 Be7 14. Be3 Nf8
15. Bxa7 Ng4 16. O-O Bd7 17. Nb6 Ng6 18. Nxd7 Qxd7 19. Bb6+ Kc8 20. d4 h5 21.
d5 c5 22. Ba4 Ne3 23. fxe3 Qg4 24. Rf3 Nh4 25. Rf2 Qg5 26. Rf7 Qxg2# 0-1

[Event "Junior Online 4NCL Division 5"]
[Site "online"]
[Date "2020.05.14"]
[Round "5.97"]
[White "Javed, Zain"]
[Black "Ovchinnikov, Ivan"]
[Result "1-0"]
[WhiteElo "1232"]
[BlackElo "1150"]
[PlyCount "41"]
[EventDate "2020.05.14"]
[WhiteTeam "Robin Hoods 4"]
[BlackTeam "Dulwich College Junior B"]

1. e4 e5 2. Nf3 Nc6 3. Bc4 Nf6 4. Ng5 d5 5. exd5 Nxd5 6. Bxd5 Qxd5 7. Nc3 Qxg2
8. Rf1 Qxg5 9. d3 Qf5 10. Be3 Bb4 11. a3 Bxc3+ 12. bxc3 O-O 13. Rb1 Be6 14. Rg1
Ba2 15. Rb2 Bd5 16. Rb4 Nxb4 17. axb4 e4 18. dxe4 Bxe4 19. c4 Bxc2 20. Qd4 Rad8
21. Qxg7# 1-0

[Event "Junior Online 4NCL Division 5"]
[Site "online"]
[Date "2020.05.14"]
[Round "5.98"]
[White "Chesney, Oliver"]
[Black "Griffiths, Dylan"]
[Result "0-1"]
[WhiteElo "1007"]
[BlackElo "1195"]
[PlyCount "52"]
[EventDate "2020.05.14"]
[WhiteTeam "Dulwich College Junior B"]
[BlackTeam "Robin Hoods 4"]

1. Nf3 Nc6 2. e4 e5 3. Nc3 Nf6 4. Bb5 Bc5 5. Bxc6 bxc6 6. Nxe5 d5 7. exd5 cxd5
8. Nc6 Qd6 9. Na5 O-O 10. O-O Bg4 11. Nb5 Qb6 12. Nb3 Bxd1 13. Rxd1 Qxb5 14.
Nxc5 Qxc5 15. h3 Rfe8 16. d3 Rad8 17. Be3 Qc6 18. b3 d4 19. Bd2 h6 20. a4 Rd5
21. c4 Rf5 22. Rf1 Re2 23. Bb4 Rg5 24. f3 Rgxg2+ 25. Kh1 Rh2+ 26. Kg1 Reg2# 0-1

[Event "Junior Online 4NCL Division 5"]
[Site "online"]
[Date "2020.05.14"]
[Round "5.101"]
[White "Shahameeran, Ashika"]
[Black "Rajesh, Shradha"]
[Result "1-0"]
[WhiteElo "1319"]
[BlackElo "1240"]
[PlyCount "132"]
[EventDate "2020.05.14"]
[WhiteTeam "St John's College B"]
[BlackTeam "Harrow Juniors E"]

1. e4 c5 2. Nf3 e6 3. Be2 Nc6 4. Bb5 Nge7 5. O-O g6 6. Nc3 a6 7. Bxc6 Nxc6 8.
d4 cxd4 9. Nxd4 Bg7 10. Nxc6 bxc6 11. Qf3 O-O 12. Qg3 d5 13. exd5 cxd5 14. Bg5
Qb6 15. Rab1 Bb7 16. Na4 Qc6 17. Nc3 d4 18. Ne2 Qxc2 19. Rfe1 h6 20. Bf4 Rfd8
21. Be5 Bxe5 22. Qxe5 Qc6 23. Qg3 d3 24. Nf4 g5 25. Nh5 d2 26. Red1 Rac8 27.
Nf6+ Kh8 28. Nh5 Qd5 29. Nf6 Qe4 30. Nxe4 Bxe4 31. Qe5+ Kg8 32. Qxe4 Rc7 33.
Qe5 Rcd7 34. Qf6 Kh7 35. Qe5 Rd5 36. Qe4+ Kg8 37. Qf3 Rf5 38. Qh3 Kg7 39. Qc3+
Kg6 40. Rxd2 Rxd2 41. Qxd2 a5 42. Qd3 Kf6 43. Rd1 a4 44. Qd6 Re5 45. b3 axb3
46. axb3 h5 47. Kf1 h4 48. Re1 Rb5 49. Qd4+ Ke7 50. Qa7+ Kf6 51. Rb1 g4 52. g3
h3 53. Qa6 Re5 54. Qa1 Kf5 55. Re1 Rd5 56. Qb1+ Kf6 57. Re4 Kf5 58. Rd4+ Ke5
59. Rxd5+ Kxd5 60. b4 Kc6 61. b5+ Kb6 62. Qh7 Kxb5 63. Qxf7 Kc5 64. Qxe6 Kd4
65. Qxg4+ Kd3 66. Qxh3 Kd2 1-0

[Event "Junior Online 4NCL Division 5"]
[Site "online"]
[Date "2020.05.14"]
[Round "5.102"]
[White "Cann, Arthur"]
[Black "Lee, Krishna"]
[Result "1/2-1/2"]
[WhiteElo "1240"]
[BlackElo "1148"]
[PlyCount "164"]
[EventDate "2020.05.14"]
[WhiteTeam "Harrow Juniors E"]
[BlackTeam "St John's College B"]

1. e4 e5 2. Nf3 Nc6 3. Bb5 a6 4. Bxc6 bxc6 5. O-O d6 6. d4 Bg4 7. dxe5 dxe5 8.
Qxd8+ Rxd8 9. Nxe5 Be6 10. Nxc6 Rd6 11. Na7 Rd7 12. Nc3 Nf6 13. Bg5 Be7 14. e5
Nd5 15. Bxe7 Nxe7 16. Rad1 Rxd1 17. Nxd1 O-O 18. Nc3 Ra8 19. Nc8 Rxc8 20. Rd1
h6 21. f4 Ng6 22. f5 Bxf5 23. Nd5 Rd8 24. Ne7+ Nxe7 25. Rxd8+ Kh7 26. Ra8 Bd3
27. c3 Ng6 28. Rc8 Nxe5 29. Rxc7 Bb1 30. a4 a5 31. Ra7 Nc6 32. Rxf7 Bc2 33. Rc7
Ne5 34. Rc5 Nd3 35. Rxa5 Nxb2 36. Ra8 Bxa4 37. Rb8 Nd1 38. c4 Ne3 39. c5 Nf5
40. Ra8 Bb5 41. Ra5 Be8 42. c6 Nd6 43. c7 Nc8 44. Ra8 Bd7 45. Kf2 Kg6 46. Ke3
Kf6 47. Kd4 Ke6 48. Kc5 Ke7 49. Kd5 Bf5 50. Ke5 g6 51. Kf4 h5 52. h3 Kd6 53. g4
hxg4 54. hxg4 Bd7 55. g5 Kxc7 56. Ra1 Ne7 57. Ra7+ Kd6 58. Ra8 Bc6 59. Rf8 Ke6
60. Rf6+ Kd7 61. Ke5 Nd5 62. Rxg6 Ne7 63. Rd6+ Kc7 64. Ke6 Ng6 65. Rd4 Bf3 66.
Kf5 Ne7+ 67. Kf6 Nd5+ 68. Ke6 Kc6 69. g6 Nc7+ 70. Kf7 Bh5 71. Rc4+ Kd6 72. Kf6
Ne8+ 73. Kg5 Ng7 74. Kh6 Kd5 75. Rc7 Ne8 76. Re7 Nf6 77. g7 Ng8+ 78. Kxh5 Nxe7
79. Kh6 Ke6 80. Kh7 Kf7 81. Kh8 Kg6 82. g8=Q+ Nxg8 1/2-1/2

[Event "Junior Online 4NCL Division 5"]
[Site "online"]
[Date "2020.05.14"]
[Round "5.103"]
[White "Sequeira, Robert"]
[Black "Pipalia, Rishi"]
[Result "1-0"]
[WhiteElo "1074"]
[BlackElo "1105"]
[PlyCount "63"]
[EventDate "2020.05.14"]
[WhiteTeam "St John's College B"]
[BlackTeam "Harrow Juniors E"]

1. e4 e5 2. Nf3 Nc6 3. Nc3 Nf6 4. d4 exd4 5. Nxd4 Bc5 6. Nxc6 bxc6 7. Bd3 d5 8.
exd5 cxd5 9. Qe2+ Kf8 10. O-O Bb7 11. Qe5 d4 12. Qxc5+ Kg8 13. Ne2 h6 14. Nxd4
h5 15. Nc6 Qe8 16. Bf4 Qxc6 17. Qxc6 Bxc6 18. Bxc7 Rc8 19. Bg3 h4 20. Be5 h3
21. gxh3 Rxh3 22. Bg3 Nh5 23. Bf5 Rxg3+ 24. fxg3 Rd8 25. Bg4 Nf6 26. Bf3 Bb5
27. Rfe1 Rd2 28. Rac1 Kh7 29. Red1 Rxd1+ 30. Rxd1 Bc4 31. b3 Bb5 32. c4 1-0

[Event "Junior Online 4NCL Division 5"]
[Site "online"]
[Date "2020.05.14"]
[Round "5.104"]
[White "Evans, Joseph"]
[Black "Kulkarni, Arnav"]
[Result "0-1"]
[WhiteElo "1007"]
[BlackElo "1070"]
[PlyCount "50"]
[EventDate "2020.05.14"]
[WhiteTeam "Harrow Juniors E"]
[BlackTeam "St John's College B"]

1. c4 e5 2. g3 Nf6 3. Bg2 Nc6 4. e3 d5 5. cxd5 Nxd5 6. Ne2 Bd6 7. O-O Nf6 8.
Nbc3 Bg4 9. Re1 O-O 10. Ne4 Re8 11. Nxf6+ Qxf6 12. h3 Bh5 13. Qb3 Na5 14. Qb5
Nc6 15. Qxb7 Ne7 16. Qb3 Rab8 17. Qa3 Bxa3 18. bxa3 Bxe2 19. Rxe2 Qd6 20. Kf1
Qf6 21. a4 e4 22. Bb2 Qxb2 23. Ree1 Qxd2 24. Bxe4 Rb2 25. Rad1 Qxf2# 0-1